Language Quiz

Random Language or Letter Quiz

'S' Word Alphabet Quiz Stats

 Plays Quiz Updated Nov 11, 2016

Also try: A-Z with Q
Challenge
Share
Tweet
Embed
Score 0/26 Timer 03:00
0 Plays Today
Clue 4-Letter S Word % Correct
Hurt your toe against somethingstub
95.4%
Dirt for plantssoil
93.5%
A deep heavy emotional breathsigh
93%
Drench with watersoak
92.7%
Japanese wrestling stylesumo
92.4%
A game before the finalssemi
92.4%
Drove over the limitsped
90.7%
Kill a dragonslay
90.3%
O'Neal of the NBAShaq
88.1%
Company that makes Sonic the HedgehogSega
85.3%
Harry Potter's is shaped like a boltscar
84.9%
The ugly duckling was oneswan
84.5%
Catch yourself on something, like a nailsnag
84%
Clue 4-Letter S Word % Correct
Japanese rice winesake
82.2%
Backtalksass
80.9%
Canal in EgyptSuez
78.8%
Emit stuff, like a volcanospew
76.9%
Lowest member of the feudal systemserf
76.7%
The old name for ThailandSiam
76.5%
This is what a verb must agree with (abbr.)subj.
73%
One from eastern EuropeSlav
66.7%
River in HadesStyx
63.6%
Miss or jump over somethingskip
55.5%
The state of happening at the same timesync
52.7%
Helmsman for the USS EnterpriseSulu
47.9%
Animal fatsuet
37.2%

You're not logged in!

Compare scores with friends on all Sporcle quizzes.
Join for Free
OR
Log In

You Might Also Like...

Show Comments

Extras

Top Quizzes Today


Score Distribution

Your Account Isn't Verified!

In order to create a playlist on Sporcle, you need to verify the email address you used during registration. Go to your Sporcle Settings to finish the process.

Report this User

Report this user for behavior that violates our Community Guidelines.

Details: